000 01414cad a22002295a 4500
001 L141659
008 071211s2007 xxkad f s 000 0 eng d
035 _a(Sirsi) u141659
041 0 _aeng
050 0 4 _a346.043463 $2 18
110 2 _aCushman and Wakefield
_9244
245 0 0 _aBusiness briefing
_h[electronic resource]
260 _aLondon
_bCushman and Wakefield
_c2007
490 0 _aBusiness Briefing
_v Landlord and Tenant Survey
520 _aSummarises the findings of a European survey of 800 senior executives in large companies. Finds that landlords understood the importance of location and good quality buildings. However, landlords did not appreciate building design and the impact of the shift to more efficient use of space on tenants (who need less space as a result). Finds landlords and tenants agree that the sustainable development and environmental issues are of increasing importance. Suggests flexibility of leases is an area where landlords could levy a premium. Concludes that there are still differences between landlord and tenant needs across Europe.
590 _aKA
650 2 4 _aBUSINESS BRIEFING
651 4 _aEurope
690 _aPROPERTY-COMMERCIAL PROPERTY-COMMERCIAL LANDLORD AND TENANT-COMMERCIAL LEASES
856 4 0 _uhttps://www.cushmanwakefield.com/
_zView this report free of charge under research after registration at www.cushmanwakefield.com/...
942 _n0
999 _c107729
_d107729